| 000 | 00711cam a2200229 a 4500 | ||
|---|---|---|---|
| 001 | 000010870 | ||
| 005 | 20200929162317.0 | ||
| 008 | 721219s1962 nyua b 000 0 eng d | ||
| 040 |
_aDO-SdBNP _beng _cLC _dBNPHU |
||
| 050 | 0 | 0 |
_aDT115 _b.M6 1962 |
| 082 |
_a962 _bM825b |
||
| 100 | 1 |
_aMoorehead, Alan, _d1910-1983. _926208 |
|
| 245 | 1 | 4 |
_aThe Blue Nile / _cAlan Moorehead. |
| 260 |
_aNew York : _bHarper & Row, _c1962. |
||
| 300 |
_a308 p. : _bil. ; _c22 cm. |
||
| 504 | _aIncluye bibliografía. | ||
| 651 | 0 |
_aNile River Valley _xHistory. _926209 |
|
| 651 | 0 |
_aBlue Nile River (Ethiopia And Sudan{Rpara} _926210 |
|
| 651 | 0 |
_aAfrica _xHistory. _926211 |
|
| 910 | _aCatalogación por copia / LC | ||
| 049 | _aBNGR | ||
| 999 |
_c10619 _d10619 |
||